Fundamental Topics of Human Capital Stabilization Scientific Monograph
Guardado en:
| Autor principal: | |
|---|---|
| Otros Autores: | , , , |
| Formato: | Libro |
| Lenguaje: | inglés eslovaco |
| Publicado: |
Ljubljana
Verlag Dashöfer
2020
|
| Edición: | 1st Edition |
| Materias: | |
| Etiquetas: |
Sin Etiquetas, Sea el primero en etiquetar este registro!
|
MARC
| LEADER | 00000nam a2200000 4500 | ||
|---|---|---|---|
| 001 | 0272751 | ||
| 005 | 20240502083831.3 | ||
| 020 | |a 978-961-6869-66-9 | ||
| 041 | 0 | |a eng | |
| 041 | 0 | |a slo | |
| 044 | |a SI | ||
| 245 | 1 | 0 | |a Fundamental Topics of Human Capital Stabilization |b Scientific Monograph |c Stanislava Deáková, Katarína Grančičová, Jana Kissová ; Reviewers: Zdeněk Mikoláš, Marcela Kožená |
| 250 | |a 1st Edition | ||
| 264 | 1 | |a Ljubljana |b Verlag Dashöfer |c 2020 | |
| 300 | |a 168 s. [10,9 AH] | ||
| 610 | 2 | 0 | |a stabilizácia pracovníkov |
| 610 | 2 | 0 | |a kapitál ľudský |
| 610 | 2 | 0 | |a riadenie ľudských zdrojov |
| 610 | 2 | 0 | |a výskum |
| 610 | 2 | 0 | |a projekty |
| 100 | 1 | |a Deáková, Stanislava, 1974- | |
| 700 | 1 | |a Grančičová, Katarína, 1967- | |
| 700 | 1 | |a Kissová, Jana, 1979- | |
| 700 | 1 | |a Mikoláš, Zdeněk | |
| 700 | 1 | |a Kožená, Marcela | |